Разработка тест-сист емы для анализа ингибирования фермента поли (адф-рибозо) полимеразы 1; Перспективы развития фундаментальных наук; Т. 4 : Биология и фундаментальная медицина
| Parent link: | Перспективы развития фундаментальных наук=Prospects of Fundamental Sciences Development: сборник научных трудов XIV Международной конференции студентов, аспирантов и молодых ученых, г. Томск, 25-28 апреля 2017 г./ Национальный исследовательский Томский политехнический университет (ТПУ) ; под ред. И. А. Курзиной, Г. А. Вороновой.— , 2017 Т. 4 : Биология и фундаментальная медицина.— 2017.— [С. 94-96] |
|---|---|
| Autor principal: | |
| Altres autors: | |
| Sumari: | Заглавие с экрана The purpose of our work was to develop a test-system for studies of PARP1 inhibition in vitro. Earlier this test-system has been used to monitor the poly (ADP-ribosil)ation activity of PARP1. This system was tested for the study of the mechanism of PARP1 inhibition in real time. It was shown that this system can be used for investigating the PARP1 inhibition and the screening studies to find new PARP1 inhibitors. |
| Idioma: | rus |
| Publicat: |
2017
|
| Matèries: | |
| Accés en línia: | http://earchive.tpu.ru/handle/11683/44863 |
| Format: | MixedMaterials Electrònic Capítol de llibre |
| KOHA link: | https://koha.lib.tpu.ru/cgi-bin/koha/opac-detail.pl?biblionumber=625025 |
MARC
| LEADER | 00000naa2a2200000 4500 | ||
|---|---|---|---|
| 001 | 625025 | ||
| 005 | 20231101133337.0 | ||
| 035 | |a (RuTPU)RU\TPU\conf\24285 | ||
| 035 | |a RU\TPU\conf\24282 | ||
| 090 | |a 625025 | ||
| 100 | |a 20171205d2017 k y0rusy50 ca | ||
| 101 | 0 | |a rus |d eng | |
| 102 | |a RU | ||
| 105 | |a y z 100zy | ||
| 135 | |a drcn ---uucaa | ||
| 181 | 0 | |a i | |
| 182 | 0 | |a b | |
| 200 | 1 | |a Разработка тест-сист емы для анализа ингибирования фермента поли (адф-рибозо) полимеразы 1 |d Development of test-system for the analysis of the poly (adp-ribose) polymerase 1 inhibition |f Т. А. Кургина |g науч. рук. Р. О. Анарбаев | |
| 203 | |a Текст |c электронный | ||
| 230 | |a 1 компьютерный файл (pdf; 671 Kb) | ||
| 300 | |a Заглавие с экрана | ||
| 320 | |a [Библиогр.: с. 96 (5 назв.)] | ||
| 330 | |a The purpose of our work was to develop a test-system for studies of PARP1 inhibition in vitro. Earlier this test-system has been used to monitor the poly (ADP-ribosil)ation activity of PARP1. This system was tested for the study of the mechanism of PARP1 inhibition in real time. It was shown that this system can be used for investigating the PARP1 inhibition and the screening studies to find new PARP1 inhibitors. | ||
| 461 | 1 | |0 (RuTPU)RU\TPU\conf\21388 |t Перспективы развития фундаментальных наук |l Prospects of Fundamental Sciences Development |o сборник научных трудов XIV Международной конференции студентов, аспирантов и молодых ученых, г. Томск, 25-28 апреля 2017 г. |o в 7 т. |f Национальный исследовательский Томский политехнический университет (ТПУ) ; под ред. И. А. Курзиной, Г. А. Вороновой |d 2017 | |
| 463 | 1 | |0 (RuTPU)RU\TPU\conf\21393 |t Т. 4 : Биология и фундаментальная медицина |v [С. 94-96] |d 2017 | |
| 510 | 1 | |a Development of test-system for the analysis of the poly (adp-ribose) polymerase 1 inhibition |z eng | |
| 610 | 1 | |a электронный ресурс | |
| 610 | 1 | |a ДНК | |
| 610 | 1 | |a диссоциация | |
| 610 | 1 | |a противораковые препараты | |
| 610 | 1 | |a ионизирующее излучение | |
| 610 | 1 | |a противоопухолевые препараты | |
| 700 | 1 | |a Кургина |b Т. А. | |
| 702 | 1 | |a Анарбаев |b Р. О. |4 727 | |
| 801 | 2 | |a RU |b 63413507 |c 20171211 |g RCR | |
| 856 | 4 | |u http://earchive.tpu.ru/handle/11683/44863 | |
| 942 | |c BK | ||